Ohaffia : a matrilineal Ibo people.

Saved in:
Bibliographic Details
Main Author: Nsugbe, Philip O.
Format: Book
Language:English
Published: Oxford : Clarendon Press, 1974.
Series:Oxford monographs on social anthropology
Subjects:
LEADER 01052nam a2200277 i 4500
001 c000251907
003 CARM
005 00000000000000.0
008 840418s1974 enk 0 eng d
019 1 |a 326134  |5 LACONCORD2021 
020 |a 0198231822 
035 |a (OCoLC)986538  |5 LACONCORD2021 
082 0 4 |a 301.296694 
100 1 |a Nsugbe, Philip O. 
245 1 0 |a Ohaffia :  |b a matrilineal Ibo people. 
260 |a Oxford :  |b Clarendon Press,  |c 1974. 
300 |a 136 p. :  |b illus. 
440 0 |a Oxford monographs on social anthropology 
500 |a Biblography: p.[128]-132. 
650 0 |a Igbo (African people) 
650 0 |a Matrilineal kinship. 
852 8 |b CARM  |h A2:AQ38A0  |i B07566  |p 0324212  |f BK 
852 8 |b CARM  |h A1:AM04F0  |i B09200  |p 0424856  |f BK 
999 f f |i c6c5e41a-0f3f-5e6f-a6ce-6ad2858f8ee5  |s fb30e277-a8f3-5e10-a0d1-2fd448d95409 
952 f f |p Can circulate  |a CAVAL  |b CAVAL  |c CAVAL  |d CARM 1 Store  |e B07566  |f A2:AQ38A0  |h Other scheme  |i book  |m 0324212 
952 f f |p Can circulate  |a CAVAL  |b CAVAL  |c CAVAL  |d CARM 1 Store  |e B09200  |f A1:AM04F0  |h Other scheme  |i book  |m 0424856